Geography Quiz

Random Geography or Blitz Quiz

Continental Blitz Quiz Stats

 Plays Quiz Updated May 7, 2016

Challenge
Share
Tweet
Embed
Score 0/40 Timer 01:30
7 Plays Today
Country Continent % Correct
Denmark???
86.6%
Luxembourg???
86.5%
Belgium???
86.4%
Hungary???
86.4%
Romania???
86.3%
Kenya???
86.1%
Vietnam???
85.8%
Zimbabwe???
85.8%
Austria???
85.5%
Argentina???
85.3%
Portugal???
85.1%
Democratic Republic of the Congo???
85%
Ghana???
84.8%
New Zealand???
84.6%
Bangladesh???
84.4%
Iran???
83.9%
Egypt???
83.8%
Singapore???
83.7%
Venezuela???
83.6%
Ukraine???
83.3%
Country Continent % Correct
Cameroon???
82.7%
Uruguay???
82.7%
Mexico???
82.4%
Bahamas???
82.2%
Sri Lanka???
81.7%
Bolivia???
81.1%
Kyrgyzstan???
80.6%
Barbados???
79.9%
Malta???
79.5%
Cambodia???
78.5%
Fiji???
78.4%
Dominican Republic???
78.2%
Bhutan???
77.5%
Burkina Faso???
77.2%
Samoa???
74.6%
Honduras???
73.8%
Cabo Verde???
71.4%
El Salvador???
70.4%
Guatemala???
70%
Tonga???
60.5%

You're not logged in!

Compare scores with friends on all Sporcle quizzes.
OR
Log In

You Might Also Like...

Show Comments

Extras

Top Quizzes Today


Score Distribution

Your Account Isn't Verified!

In order to create a playlist on Sporcle, you need to verify the email address you used during registration. Go to your Sporcle Settings to finish the process.

Report this User

Report this user for behavior that violates our Community Guidelines.

Details: